| 000 | 00904 am a2200289Ka 4500 | ||
|---|---|---|---|
| 001 | 200429579 | ||
| 003 | TR-AnTOB | ||
| 005 | 20260122170440.0 | ||
| 008 | 170621s2017 tu 000 0 tur u | ||
| 020 | _a9786058251878 | ||
| 040 |
_aTR-AnTOB _beng _cTR-AnTOB _erda |
||
| 041 | _atur | ||
| 050 |
_aDS195 _b.E76 2018 |
||
| 090 |
_aDS195 _b.E76 20178 |
||
| 110 | 2 | 2 |
_aAvrasya İncelemeleri Merkezi _9118307 |
| 245 | 1 | 0 |
_aErmeni konferansları 2017 / _cderleyen ; Ömer Engin Lüfem. |
| 264 | 1 |
_aAnkara : _bAVİM, _c2017. |
|
| 300 |
_avi, 162 pages : _billustrations ; _c24 cm. |
||
| 336 |
_2rdacontent _atext _btxt |
||
| 337 |
_2rdamedia _aunmediated _bn |
||
| 338 |
_2rdacarrier _avolume _bnc |
||
| 650 | 0 |
_aErmeni sorunu _vKongreler _951465 |
|
| 650 | 0 |
_aErmeniler _zTürkiye _xTarih _vKongreler _975392 |
|
| 700 | 1 |
_aLütem, Ömer Engin, _d1933- _ecompiler _9152069 |
|
| 942 |
_2lcc _cBK |
||
| 999 |
_c200429579 _d47503 |
||